Skills matter further results from the survey of adult skills

Salvato in:
Dettagli Bibliografici
Natura: Libro
Lingua:inglese
Pubblicazione: Paris OECD 2016
Serie:OECD skills studies
Soggetti:
Tags: Aggiungi Tag
Nessun Tag, puoi essere il primo ad aggiungerne!!

MARC

LEADER 00000nam a2200000 4500
001 0229064
005 20240314123457.8
020 |a 978-92-64-25804-4 
041 0 |a eng 
044 |a FR 
245 1 0 |a Skills matter  |b further results from the survey of adult skills 
264 1 |a Paris  |b OECD  |c 2016 
300 |a 158 s. 
490 1 |a OECD skills studies 
830 0 |a OECD skills studies 
610 2 0 |a vzdelávanie 
610 2 0 |a zručnosti 
610 2 0 |a gramotnosť 
610 2 0 |a trh práce 
610 2 0 |a mzdy 
610 2 0 |a porovnanie štatistické medzinárodné